000 00324nam a2200121Ia 4500
008 240731s9999 xx 000 0 und d
022 _a2324-481X
245 0 _aChronic Wound Care Management and Research
260 _bDove Medical Press
856 _uhttps://www.tandfonline.com/loi/dcwc20
942 _2ddc
942 _cTFEJ
999 _c75857
_d75857
945 _a1
_bMadushi Gamage
_c1
_dMadushi Gamage